000 00502nam a2200181 i 4500
001 bg
100 1 _aVERDELHAN-BOURGADE, M.
245 0 _aSans Frontieres 1 :
_bexercices individuels /
_cM. Verdelhan-Bourgade, M. Verdelhan, P. Dominique.
260 _aParis,
_c1990.
650 9 _aJęzyk francuski
655 _aPodręczniki akademickie
700 1 _aVERDELHAN, M.
700 1 _aDOMINIQUE, Philippe
040 _cBPK
041 _apol
942 _cKS
008 s pl f |000 0 pol
999 _c4382
_d4382
856 _uhttp://koha.tu.koszalin.pl/cgi-bin/koha/opac-detail.pl?biblionumber=4382
_yKatalog online BPK